000 01603cam a2200361 a 4500
001 EDZ0000019190
003 StDuBDS
005 20161031105131.0
006 m||||||||d||||||||
007 cr |||||||||||
008 101217s2006 cau fo 001|0|eng d
020 _a9781412982696 (ebook) :
_cNo price
040 _aStDuBDS
_beng
_cStDuBDS
_epn
049 _aAlfaisal Main Library
050 4 _aE184.7
082 0 4 _a973.0496073071
_222
245 0 0 _aHandbook of Black studies
_h[electronic resource] /
_ceditors, Molefi Kete Asante, Maulana Karenga.
260 _aThousand Oaks, Calif. ;
_aLondon :
_bSAGE,
_c2006.
300 _a1 online resource (460 p.)
520 8 _aThis handbook is arranged around three main areas: historical and cultural foundations; philosophical and conceptual basis and critical and analytical concepts. It brings together the main academic experts in the field to discuss and analyze the latest conceptual and theoretical developments in the field.
521 _aSpecialized.
588 _aDescription based on print version record.
504 _aIncludes bibliographical references and index.
650 0 _aAfrican Americans
_xStudy and teaching
_vHandbooks, manuals, etc.
650 0 _aAfrican Americans
_xResearch
_vHandbooks, manuals, etc.
655 7 _aElectronic books.
_2local
700 1 _aAsante, Molefi Kete,
_d1942-
700 0 _aKarenga,
_cMaulana.
710 2 _aSage eBooks
776 0 8 _iPrint version :
_z9780761928409
856 4 0 _uhttp://ezproxy.alfaisal.edu/login?url=http://sk.sagepub.com/reference/hdbk_blackstudies
942 _2lcc
_cEBOOKS
999 _c480037
_d480037